Statystyki dla Państwa według oczekiwanej długości życia

Kliknij tutaj aby rozwiązać quiz!

Ogólne statystyki

  • Ten quiz został rozwiązany 16 085 razy
    (6 857 od ostatniego zresetowania)
  • Średni wynik to 13 z 20

Statystyki odpowiedzi

LataKraj% Poprawnych
84,9Japonia
92%
82,6Norwegia
80%
82,7Szwecja
79%
83,8Kanada
78%
82,6Francja
74%
82,6Włochy
74%
82,6Hiszpania
73%
83,0Korea Południowa
73%
83,1Australia
69%
83,2Szwajcaria
67%
83,6Islandia
64%
82,6Liechtenstein
60%
83,0Luksemburg
60%
89,5Monako
60%
82,6Nowa Zelandia
57%
83,9San Marino
56%
83,4Andora
54%
86,4Singapur
49%
83,2Malta
40%
83,4Izrael
29%

Rozkład punktacji

Percentyl według liczby udzielonych odpowiedzi

Procent ludzi z każdym wynikiem

Twoja historia wyników

Nie rozwiązałeś tego quizu od ostatniego zresetowania